تاريخ ومستقبل الكمبيوتر / (Record no. 12674)

MARC details
000 -LEADER
fixed length control field 00788nam a22001697a 4500
008 - FIXED-LENGTH DATA ELEMENTS--GENERAL INFORMATION
fixed length control field 090823t xxu||||| |||| 00| 0 eng d
020 ## - INTERNATIONAL STANDARD BOOK NUMBER
International Standard Book Number 9770191118
082 ## - DEWEY DECIMAL CLASSIFICATION NUMBER
Edition number 20
Classification number 001.64
Item number ب س ى
100 ## - MAIN ENTRY--PERSONAL NAME
9 (RLIN) 8554
Personal name بسيونى , عبد الحميد.
245 ## - TITLE STATEMENT
Title تاريخ ومستقبل الكمبيوتر /
Statement of responsibility, etc عبد الحميد بسيونى.
260 ## - PUBLICATION, DISTRIBUTION, ETC. (IMPRINT)
Place of publication, distribution, etc القاهرة :
Name of publisher, distributor, etc الهيئة المصرية العامة للكتاب ,
Date of publication, distribution, etc 2004.
300 ## - PHYSICAL DESCRIPTION
Extent 136 ص ؛
Dimensions 20 سم.
490 ## - Series Statement
Series statement مكتبة الأسرة . سلسلة الأعمال العلمية.
650 ## - SUBJECT ADDED ENTRY--TOPICAL TERM
9 (RLIN) 8556
Topical term or geographic name as entry element الحاسب الآلى
942 ## - ADDED ENTRY ELEMENTS (KOHA)
Source of classification or shelving scheme Dewey Decimal Classification
Item type Book - Borrowing
Holdings
Withdrawn status Item status Source of classification or shelving scheme Damaged status Not for loan Vendor Home library Current library Shelving location Date acquired Source of acquisition Total Checkouts Full call number Barcode Date last seen Koha item type
    Dewey Decimal Classification       Central Library Central Library Lower Floor 23/08/2009     001.64 بسي 000018108 15/07/2025 Book - Borrowing